गुलाब और कांटे/ (Record no. 199879)

MARC details
000 -LEADER
fixed length control field 00725nam a22001937a 4500
005 - DATE AND TIME OF LATEST TRANSACTION
control field 20231228163350.0
010 ## - LCCN (DPL NO)
LC control number HIN-126627
020 ## - INTERNATIONAL STANDARD BOOK NUMBER
International Standard Book Number 9788129002457
Terms of availability 350.00
035 ## - SYSTEM CONTROL NUMBER
System control number HN-98973
037 ## - SOURCE OF ACQUISITION
Source of stock number/acquisition DBAD/PUB
082 ## - DEWEY DECIMAL CLASSIFICATION NUMBER
Classification number 821
100 ## - MAIN ENTRY--PERSONAL NAME
Personal name नरवाला,गुलाब सिंह'रंगीला'
245 ## - TITLE STATEMENT
Title गुलाब और कांटे/
Remainder of title गुलाब सिंह नरवाला 'रंगीला'
250 ## - EDITION STATEMENT
Edition statement
260 ## - PUBLICATION, DISTRIBUTION, ETC. (IMPRINT)
Place of publication, distribution, etc Chandigarh
Name of publisher, distributor, etc New Era Book Agency
Date of publication, distribution, etc 2021
270 ## - ADDRESS
Address SCO 49-51 Sector-17 C Post Box-52
City Chandigarh
Postal code 160017
300 ## - PHYSICAL DESCRIPTION
Extent 112 पृष्ठ;
Dimensions 22 सेमी(अजिल्द)
942 ## - ADDED ENTRY ELEMENTS (KOHA)
Item type Hindi Books
Source of classification or shelving scheme Dewey Decimal Classification
Classification part 821
Call number suffix नरवा
Holdings
Withdrawn status Lost status Not for loan Collection code Home library Current library Date acquired Source of acquisition Cost, normal purchase price Full call number Barcode Copy number Cost, replacement price Koha item type
      Non-fiction Ashok Vihar Ashok Vihar 28/12/2023 DBAD/PUB 350.00 821 नरवा HN-98973 1 350.00 Hindi Books

© Delhi Public Library
Hit Counter
free hit counter